Cargando…

Higher Wisdom : Eminent Elders Explore the Continuing Impact of Psychedelics /

Detalles Bibliográficos
Clasificación:Libro Electrónico
Otros Autores: Grob, Charles S., 1950-, Walsh, Roger N.
Formato: Electrónico eBook
Idioma:Inglés
Publicado: New York : State University of New York Press, 2005.
Colección:Book collections on Project MUSE.
Temas:
Acceso en línea:Texto completo

MARC

LEADER 00000cam a22000004a 4500
001 musev2_4968
003 MdBmJHUP
005 20230905040611.0
006 m o d
007 cr||||||||nn|n
008 040913s2005 nyu o 00 0 eng d
010 |z  2004021536 
020 |a 9780791482964 
020 |z 0791465179 
020 |z 9780791465172 
035 |a (OCoLC)63163963 
040 |a MdBmJHUP  |c MdBmJHUP 
050 0 4 |a BF209.H34  |b H54 2005 
082 0 |a 154.4  |2 22 
245 0 0 |a Higher Wisdom :   |b Eminent Elders Explore the Continuing Impact of Psychedelics /   |c edited by Roger Walsh and Charles S. Grob. 
264 1 |a New York :  |b State University of New York Press,  |c 2005. 
264 3 |a Baltimore, Md. :  |b Project MUSE,   |c 2012 
264 4 |c ©2005. 
300 |a 1 online resource (280 pages):   |b ill. ; 
336 |a text  |b txt  |2 rdacontent 
337 |a computer  |b c  |2 rdamedia 
338 |a online resource  |b cr  |2 rdacarrier 
504 |a Includes bibliographical references and indexes. 
588 |a Description based on print version record. 
650 0 |a Hallucinogenic drugs and religious experience. 
650 0 |a Transpersonal psychology. 
650 0 |a Hallucinogenic drugs. 
655 7 |a Electronic books.   |2 local 
700 1 |a Grob, Charles S.,  |d 1950- 
700 1 |a Walsh, Roger N. 
710 2 |a Project Muse.  |e distributor 
830 0 |a Book collections on Project MUSE. 
856 4 0 |z Texto completo  |u https://projectmuse.uam.elogim.com/book/4968/ 
945 |a Project MUSE - Custom Collection 
945 |a Project MUSE - Archive Complete Foundation 
945 |a Project MUSE - Archive Philosophy and Religion Foundation